00754 2200277 4500001002100000005001500021035002000036007000300056008004100059020001800100082000800118084001400126100002700140245010900167260003800276300002100314650003200335700001900367700001800386990001200404990001200416990001200428990001200440990001200452990001200464INLIS00000000000187520180409112649 a0010-0418000032ta180409 g 0 ind  a979-1273-91-x a297 a297 MOH m0 aMOHAMMAD, Fauzil Adhim1 aMencari Ketenangan di Tengah Kesibukan /cMohammad Fauzil Adhim; penyunting, Yusuf Maulana, Irin Hidayat aYogyakarta :bPro U-Media,c[s.a] a441 hlm ;c20 cm aISLAM SEBAGAI PEDOMAN HIDUP0 aYUSUF, Maulana0 aIRIN, Hidayat a16474 a a16474 b a11959 a a11959 a a16474 a a16474 b